Statistics for Emoji Quiz

Click here to take the quiz!

General Stats

  • This quiz has been taken 53 times
  • The average score is 8 of 15

Answer Stats

HintAnswer% Correct
๐Ÿ” + ๐Ÿ‘‘Burger King
98%
๐ŸŒฎ + ๐Ÿ””Taco Bell
89%
๐ŸŽฏTarget
73%
๐Ÿ‘ + ๐Ÿ”‘ + ๐Ÿ…ฐIkea
70%
๐ŸŽฆ +โญMovie star
68%
MC + ๐Ÿ”จMC hammer
66%
๐Ÿ€ + ๐ŸฉDunkin' donuts
61%
๐ŸŸฅ + ๐Ÿ‚Red Bull
57%
๐ŸŽฎ + ๐Ÿ›‘Game Stop
45%
๐Ÿ‘จ๐Ÿป + โฌ‡Man down
39%
๐Ÿ„ + ๐Ÿ‘‘Dairy Queen
36%
๐ŸŽ‰ + ๐Ÿ’ฉParty Pooper
32%
๐Ÿ‘ฉ๐Ÿปโ€โš•๏ธ + ๐ŸŒถDr. pepper
25%
โ–ถ + ๐Ÿ’ตplay money
25%
โญ + ๐Ÿ’ตStarbucks
20%

Score Distribution

Percentile by Number Answered

Percent of People with Each Score

Your Score History

You have not taken this quiz